Statistics for Bloodborne Trivia

Click here to take the quiz!

General Stats

  • This quiz has been taken 914 times
  • The average score is 12 of 15

Answer Stats

QuestionAnswer% Correct
Central Yharnam, Bloodborne's first area, contains two bosses: Cleric Beast, and Father Gascoigne. Which one is optional?Cleric Beast is optional
94%
Who was the game director behind Bloodborne?Hidetaka Miyazaki
94%
On which of these authors' works is the lore of Bloodborne largely based?H. P. Lovecraft
93%
Micolash, Host of the Nightmare, uses two tools/spells against you. What are they?A Call Beyond & Augur of Ebriatas
90%
The phrase "a hunter must hunt", which is often amusingly written as "a hoonter must hoont" by many players, is uttered by which NPC?Eileen the Crow
89%
Bloodborne was released on which systems?PS4 only
88%
Of Bloodborne's primary stats, what is the one that governs magic called?Arcane
85%
What is the closest real-world equivalent to Bloodborne's setting?Victorian England
84%
Where in From Software's lineup does Bloodborne lie, in terms of release order?Between Dark Souls 2 & 3
81%
Which of these is NOT available as a secondary weapon in Bloodborne?Crossbow
74%
Which of these mechanics sets Bloodborne's gameplay apart from the Dark Souls games?You perform a quickstep instead of a quickroll while locked on
74%
There is some obscure lore in the Chalice Dungeons about a distant land that fell to the beast scourge like Yharnam, and was "swallowed by the sands". What was its name?Loran
68%
Certain weapons in Bloodborne are called "quality" weapons. What does this mean?They scale well off both the Strength and Skill stats
61%
What was Bloodborne's project name during development?Project Beast
47%
Trick weapons can transform and alter their movesets. Which of these DLC weapons has a transform mode that does not restrict the use of a secondary weapon or tool?Boom Hammer
45%

Score Distribution

Percentile by Number Answered

Percent of People with Each Score

Your Score History

You have not taken this quiz